[Event "Creon op 11th"]
[Site "Creon"]
[Date "2006.08.02"]
[Round "4"]
[White "Louis, Thibault"]
[Black "Rives, Sylvain"]
[Result "1-0"]
[WhiteElo "1900"]
[BlackElo "1460"]
[PlyCount "63"]
[EventDate "2006.07.31"]
[EventType "swiss"]
[EventRounds "9"]
[EventCountry "FRA"]
[SourceTitle "CBM 113 Extra"]
[Source "ChessBase"]
[SourceDate "2006.09.14"]
[SourceVersion "1"]
[SourceVersionDate "2006.09.14"]
[SourceQuality "1"]

1. e4 e5 2. Nf3 Nc6 3. Bb5 Bc5 4. 0-0 d6 5. d4 exd4 6. Nxd4 Nge7 7. Be3 0-0 8. Nxc6 bxc6 9. Bxc5 cxb5 10. Be3 c5 11. Nc3 a6 12. Nd5 Bb7 13. Nxe7+ Qxe7 14. f3 f5 15. Bf4 Rad8 16. exf5 Rxf5 17. Bg3 d5 18. Qd2 Rdf8 19. Rfe1 Qf6 20. a4 Bc6 21. axb5 Bxb5 22. Qe3 Qxb2 23. Bd6 Re8 24. Qxc5 Rxe1+ 25. Rxe1 h6 26. Qc8+ Kh7 27. Qxf5+ Kg8 28. Qxd5+ Kh8 29. Be5 Qxc2 30. Bxg7+ Kxg7 31. Re7+ Kg6 32. Qf7+ 1-0